| 000 | 00671nam a2200193 a 4500 | ||
|---|---|---|---|
| 001 | BRCA_894 | ||
| 005 | 20190320203210.0 | ||
| 008 | 031105s1991----mx-a---###---#000-0#spa-d | ||
| 050 | 4 |
_aNK7300 _b.T36 1991 |
|
| 245 | 1 | 0 |
_aTANE Orfebres _cdiseño de Alfonso Soto Soria y Pedro Leites ; fotografía Michael Zabé. |
| 260 |
_aMéxico _bTANE _c1991 |
||
| 300 |
_a1 v. (sin paginación) _bil. a color _c32 cm. |
||
| 500 | _aCatálogo dividido en : joyería de plata, joyería de oro y orfebrería | ||
| 650 | 1 | 4 |
_aOrfebrería _vCatálogos _zMéxico _92976 |
| 700 | 1 |
_aSoto Soria, Alfonso _92977 |
|
| 700 | 1 |
_aLeites, Pedro _92978 |
|
| 700 | 1 |
_aZabé, Michael _92979 |
|
| 942 |
_2lcc _cB |
||
| 999 |
_c788 _d788 |
||